<?xml version="1.0" encoding="UTF-8"?>
<collection xmlns="http://www.loc.gov/MARC21/slim">
 <record>
  <leader>00424pamaa2200133   4500</leader>
  <controlfield tag="001">0000021435</controlfield>
  <controlfield tag="005">20061213090000.0</controlfield>
  <datafield tag="020" ind1="0" ind2="0">
   <subfield code="a">0416745903 </subfield>
  </datafield>
  <datafield tag="090" ind1="0" ind2="0">
   <subfield code="a">PS92.A4 </subfield>
   <subfield code="b">FEN 1983</subfield>
  </datafield>
  <datafield tag="100" ind1="1" ind2="0">
   <subfield code="a">FENDER </subfield>
  </datafield>
  <datafield tag="245" ind1="1" ind2="0">
   <subfield code="a">American literature in context, 1 : </subfield>
   <subfield code="b">1620-1830  </subfield>
   <subfield code="c">Stephen Fender.</subfield>
  </datafield>
  <datafield tag="260" ind1="0" ind2="0">
   <subfield code="a">London: </subfield>
   <subfield code="b">Methuen, </subfield>
   <subfield code="c">1983.</subfield>
  </datafield>
  <datafield tag="300" ind1=" " ind2=" ">
   <subfield code="a">vii, 209p.; </subfield>
   <subfield code="c">22cm.</subfield>
  </datafield>
  <datafield tag="650" ind1="0" ind2="0">
   <subfield code="a">American literature -- </subfield>
   <subfield code="x">History and criticism -- </subfield>
   <subfield code="x">Addresses, essays, lectures </subfield>
  </datafield>
 </record>
</collection>
